|
|
|
|
| LEADER |
00000nab a2200000 a 4500 |
| 001 |
vtls000515990 |
| 003 |
SK-MaSNL |
| 005 |
20260304085542.0 |
| 008 |
250425c1994 xo 0 slo |
| 015 |
|
|
|a SNBRB19rr/mm-uuuuu
|
| 035 |
|
|
|a CL0516128
|
| 035 |
|
|
|a urn:nbn:sk:snk-ab1jau
|
| 035 |
|
|
|a (urnnbn)urn:nbn:sk:snk:ar-0045ob
|
| 035 |
|
|
|a (uuid)a14fe0bf-9d58-477c-bcf3-cec66669a5fe
|
| 040 |
|
|
|a SNKBUCL
|b slo
|c SNKBUCL
|e AACR2
|
| 041 |
0 |
|
|a slo
|
| 044 |
|
|
|a xo
|c SK
|
| 080 |
|
|
|a 78.072.2-051
|2 1981
|
| 080 |
|
|
|a 378.124:78
|2 1981
|
| 245 |
0 |
0 |
|a Energia jedného rodu
|b Rozhovor s Ljubou Makovickou
|c Ljuba Makovická, Lenka Berová
|
| 300 |
|
|
|b Fotogr. 1
|
| 600 |
1 |
7 |
|a Makovická, Ljuba,
|d 1921-2005
|2 snkbucl
|9 97688
|
| 655 |
|
7 |
|a články z novín a časopisov
|2 snkbucl
|9 267496
|
| 700 |
1 |
|
|a Makovická, Ljuba,
|d 1921-2005
|4 aut
|9 97688
|
| 700 |
1 |
|
|a Berová, Lenka
|4 aut
|9 496351
|
| 773 |
0 |
|
|t Historická revue
|g Roč. 5, č. 4 (1994), s. 29-30
|
| 850 |
|
|
|a Slovenská národná knižnica
|
| 852 |
|
|
|a Slovenská národná knižnica
|
| 954 |
|
|
|a odborná, vedecká literatúra pôvodná (slovenská)
|2 lita
|
| 958 |
|
|
|a article27
|
| 958 |
|
|
|a BX
|
| 958 |
|
|
|a OND
|
| 958 |
|
|
|a EUIPO
|
| 992 |
|
|
|a RBX
|
| 999 |
|
|
|c 2808539
|d 2810469
|